Etymological dictionary of greek, i / with the asistance of lucien van beek

Guardado en:
Autor Principal: Beekes, Robert
Otros Autores: Beek, Lucien van, asist.
Formato: Libro
Publicado: Leiden : Brill, 2016
Materias:
Etiquetas: Agregar Etiqueta
Sin Etiquetas, Sea el primero en etiquetar este registro!
LEADER 00609nam a22002055a 4500
001 EHU.bham045503
003 AR-BHAM
005 20190227083732.0
008 130507s2016##################000#0#####d
020 |a 9789004321861 
082 C 4 |a 482.3 
100 1 |a Beekes, Robert 
245 1 0 |a Etymological dictionary of greek, i /  |b with the asistance of lucien van beek  |c Robert Beekes : 
260 |a Leiden :  |b Brill,  |c 2016 
300 |a 885 p. 
653 |a Diccionarios 
653 |a Griego-etimología 
653 |a Griego-diccionarios 
700 1 |a Beek, Lucien van, asist. 
859 |a AR-BHAM  |h 482.3  |i B392  |k C  |p 334.18  |t Ej.1  |v I